[Event "2009 Standard Chess Dropout Tournament, Round 5"]
[Site "SchemingMind.com"]
[Date "2010.05.03"]
[Round "5"]
[White "baron1"]
[Black "Tyler"]
[Result "1/2-1/2"]
[WhiteCountry "ENG"]
[BlackCountry "SUI"]
[WhiteElo "2430"]
[WhiteRD "85"]
[BlackElo "2357"]
[BlackRD "117"]
[GameID "246754"]

1. e4 e5 2. Nf3 Nc6 3. Bb5 a6 4. Ba4 Nf6 5. O-O d6 6. Re1 b5 7. Bb3 Be7 8. c3 h6 9. a4 Bd7 10. d4 O-O
11. Nbd2 exd4 12. cxd4 Nb4 13. e5 Nfd5 14. Ne4 bxa4 15. Bxa4 a5 16. Nc3 Bxa4 17. Qxa4 Nb6 18. Qd1 Qd7 19. h3 Nc6 20. Bf4 Rfe8
21. Qb1 Bf8 22. Rd1 a4 23. Qd3 d5 24. Rdc1 Nd8 25. Be3 Nc4 26. Nxd5 Nxb2 27. Qe4 Ne6 28. Nc3 a3=
1/2-1/2

[Event "2009 Standard Chess Dropout Tournament, Round 5"]
[Site "SchemingMind.com"]
[Date "2010.05.03"]
[Round "5"]
[White "Tyler"]
[Black "joralx3"]
[Result "1/2-1/2"]
[WhiteCountry "SUI"]
[BlackCountry "ARG"]
[WhiteElo "2357"]
[WhiteRD "117"]
[BlackElo "2519"]
[BlackRD "108"]
[GameID "246755"]

1. Nf3 d5 2. d4 Nf6 3. c4 e6 4. Nc3 c6 5. e3 Nbd7 6. Bd3 dxc4 7. Bxc4 b5 8. Bd3 Bb7 9. e4 b4 10. Na4 c5
11. e5 Nd5 12. O-O Rc8 13. Nxc5 Nxc5 14. dxc5 Bxc5 15. Ng5 Be7 16. Nxh7 g6 17. Bb5+ Bc6 18. Bxc6+ Rxc6 19. Qa4 Qc7 20. Ng5 Nb6
21. Qb5 O-O 22. Nf3 Nc4 23. b3 Rb8 24. Qa4 Nb6 25. Qa5 Rd8 26. Be3 Rd5 27. Qa6 Nc4 28. Qxa7 Qxa7 29. Bxa7 Nxe5 30. Nxe5 Rxe5=
1/2-1/2

[Event "2009 Standard Chess Dropout Tournament, Round 5"]
[Site "SchemingMind.com"]
[Date "2010.05.01"]
[Round "5"]
[White "bernadjm"]
[Black "thebirdolux"]
[Result "1/2-1/2"]
[WhiteCountry "ESP"]
[BlackCountry "USA"]
[WhiteElo "2415"]
[WhiteRD "116"]
[BlackElo "2472"]
[BlackRD "91"]
[GameID "246756"]

1. e4 c5 2. Nf3 Nc6 3. Bb5 g6 4. O-O Bg7 5. c3 Nf6 6. Re1 O-O 7. h3 Qb6 8. Na3 d5 9. e5 Ne8 10. d3 Nc7
11. Ba4 Qa6 12. Be3 b5 13. Bc2 b4 14. Nb1 bxc3 15. bxc3 Ne6 16. d4 Rd8 17. a4 Rb8 18. Na3 Qa5 19. Bd2 a6 20. c4 Qc7
21. cxd5 Rxd5 22. Be4 Rd8 23. d5 Nxe5 24. dxe6 f5 25. Nxe5 Bxe5 26. Bxf5 gxf5 27. Nc4 Bxa1 28. Qxa1 Rxd2 29. Nxd2 Rb6 30. Re3 f4
31. Re4 Rxe6 32. Qa2 Qd6 33. Nf3 Kg7 34. Ng5 Rf6=
1/2-1/2

[Event "2009 Standard Chess Dropout Tournament, Round 5"]
[Site "SchemingMind.com"]
[Date "2010.05.03"]
[Round "5"]
[White "C. H. O'D. Schlechter"]
[Black "GBEDARD"]
[Result "1-0"]
[WhiteCountry "USA"]
[BlackCountry "USA"]
[WhiteElo "2401"]
[WhiteRD "87"]
[BlackElo "2161"]
[BlackRD "102"]
[GameID "246757"]

1. e4 g6 2. d4 Bg7 3. Nc3 d6 4. f4 Nf6 5. Nf3 O-O 6. Bd3 Nc6 7. e5 dxe5 8. fxe5 Nd5 9. Nxd5 Qxd5 10. c3 Bg4
11. O-O Bxe5 12. dxe5 Rfd8 13. h3 Bxf3 14. Qxf3 Qxf3 15. Rxf3 Nxe5 16. Be4 Nxf3+ 17. Bxf3 c6 18. g4 Rd3 19. Kf2 e5 20. g5 Rad8
21. Be3 Kg7 22. Re1 R3d6 23. Kg3 b6 24. Be2 c5 25. Kf3 Re8 26. Ke4 Re7 27. h4 Re8 28. Bc4 Red8 29. Rf1 R8d7 30. Bb3 Rd2=
31. Bxd2 Rxd2 32. Rxf7+
1-0

[Event "2009 Standard Chess Dropout Tournament, Round 5"]
[Site "SchemingMind.com"]
[Date "2010.04.28"]
[Round "5"]
[White "GBEDARD"]
[Black "Robert Pallett"]
[Result "1/2-1/2"]
[WhiteCountry "USA"]
[BlackCountry "ENG"]
[WhiteElo "2173"]
[WhiteRD "99"]
[BlackElo "2253"]
[BlackRD "94"]
[GameID "246759"]

1. e4 c5 2. Nf3 Nc6 3. d4 cxd4 4. Nxd4 e5 5. Nb5 d6 6. c4 Be7 7. N1c3 a6 8. Na3 Be6 9. Nc2 Bg5 10. Bd3 Bxc1
11. Rxc1 Nf6 12. O-O O-O 13. Qd2 Rc8 14. b3 Qa5 15. Rfd1 Bg4 16. f3 Be6 17. Nd5 Qxd2 18. Nxf6+ gxf6 19. Rxd2 Rfd8 20. Rcd1 Kf8
21. Kf2 a5 22. Be2 Ke7 23. g3 f5 24. exf5 Bxf5 25. Ne3 Be6 26. Nd5+ Bxd5 27. Rxd5 a4 28. f4 axb3 29. axb3 f6 30. Ke3 Nd4
31. R5xd4 exd4+ 32. Kxd4 Ra8 33. Bf3 Ra2 34. Re1+ Kf8 35. h4 Rd7 36. Re6 Ra3 37. g4 Rxb3 38. Bd5 Rh3 39. Rxf6+ Kg7 40. g5 Rxh4
41. Be6 Rc7 42. Kd5 h6 43. Rxh6=
1/2-1/2

[Event "2009 Standard Chess Dropout Tournament, Round 5"]
[Site "SchemingMind.com"]
[Date "2010.05.03"]
[Round "5"]
[White "Ilang"]
[Black "wilfried"]
[Result "1/2-1/2"]
[WhiteCountry "HUN"]
[BlackCountry "GER"]
[WhiteElo "2371"]
[WhiteRD "93"]
[BlackElo "2425"]
[BlackRD "116"]
[GameID "246760"]

1. e4 c5 2. Nf3 Nc6 3. d4 cxd4 4. Nxd4 Nf6 5. Nc3 e5 6. Nxc6 bxc6 7. Bd3 Bc5 8. O-O O-O 9. Na4 Be7 10. Re1 Qc7
11. Qe2 d6 12. b3 Bg4 13. Qe3 Rab8 14. c4 Rfd8 15. Ba3 Nd7 16. Bb2 h6 17. Qg3 Bh5 18. f4 Nb6 19. Nc5 Qc8 20. Be2 Bxe2
21. Rxe2 d5 22. Nd3 dxc4 23. Nxe5 f6 24. Nxc4=
1/2-1/2

[Event "2009 Standard Chess Dropout Tournament, Round 5"]
[Site "SchemingMind.com"]
[Date "2010.05.03"]
[Round "5"]
[White "joralx3"]
[Black "saxon"]
[Result "1/2-1/2"]
[WhiteCountry "ARG"]
[BlackCountry "GER"]
[WhiteElo "2519"]
[WhiteRD "108"]
[BlackElo "2431"]
[BlackRD "104"]
[GameID "246761"]

1. e4 e5 2. Nf3 Nc6 3. Bb5 a6 4. Ba4 Nf6 5. O-O Be7 6. Re1 b5 7. Bb3 O-O 8. h3 Bb7 9. d3 Re8 10. Nc3 Bc5
11. Bg5 h6 12. Bxf6 Qxf6 13. Nd5 Qd8 14. c3 d6 15. d4 Ba7 16. a4 exd4 17. cxd4 Ne7 18. Qd3 Nxd5 19. Bxd5 Bxd5 20. exd5 Rxe1+
21. Rxe1 bxa4 22. Qc4 Bb6= 23. Qxa4 Qf6 24. b3 Qf5 25. Qc6 Rb8 26. Re3=
1/2-1/2

[Event "2009 Standard Chess Dropout Tournament, Round 5"]
[Site "SchemingMind.com"]
[Date "2010.05.03"]
[Round "5"]
[White "MARISCAL"]
[Black "baron1"]
[Result "1/2-1/2"]
[WhiteCountry "ESP"]
[BlackCountry "ENG"]
[WhiteElo "2328"]
[WhiteRD "91"]
[BlackElo "2430"]
[BlackRD "85"]
[GameID "246762"]

1. e4 c6 2. c4 d5 3. cxd5 cxd5 4. exd5 Nf6 5. Bb5+ Nbd7 6. Nc3 a6 7. Qa4 Rb8 8. Bxd7+ Bxd7 9. Qf4 e6 10. dxe6 Bxe6
11. Nf3 Bd6 12. Qh4 O-O 13. O-O Re8 14. d4 Qb6 15. b3 Nd5 16. Ng5 Nxc3 17. Qxh7+ Kf8 18. Re1 Qxd4 19. Bb2 Rbc8 20. Re3 b5
21. Rae1 b4 22. a3 Bf4 23. Nxe6+ fxe6 24. Rd3 Ne2+ 25. Kf1 Qxb2 26. Rd7 Re7 27. Qh8+ Kf7 28. Rxe7+ Kxe7 29. Qxc8 Bd2 30. Rd1 Nc3=
1/2-1/2

[Event "2009 Standard Chess Dropout Tournament, Round 5"]
[Site "SchemingMind.com"]
[Date "2010.05.03"]
[Round "5"]
[White "Robert Pallett"]
[Black "chesshub"]
[Result "0-1"]
[WhiteCountry "ENG"]
[BlackCountry "FRA"]
[WhiteElo "2253"]
[WhiteRD "94"]
[BlackElo "2457"]
[BlackRD "71"]
[GameID "246763"]

1. e4 e5 2. Nf3 Nc6 3. Bc4 Bc5 4. c3 Nf6 5. d3 d6 6. O-O Bb6 7. b4 Ne7 8. Nbd2 O-O 9. Bb3 c6 10. Re1 Ng6
11. h3 h6 12. a4 Bc7 13. d4 Re8 14. dxe5 dxe5 15. Qc2 Nh5 16. Nf1 Qf6 17. Kh2 Nhf4 18. Ng1 a5 19. Be3 axb4 20. cxb4 Bd6
21. Rab1 Ne6 22. Qc3 Nd4 23. Bd1 Bc7 24. Nd2 Be6 25. g3 Red8 26. Ra1 c5 27. a5 c4 28. Rc1 b5 29. Ngf3 Bd6 30. Be2 Qe7
0-1

[Event "2009 Standard Chess Dropout Tournament, Round 5"]
[Site "SchemingMind.com"]
[Date "2010.04.29"]
[Round "5"]
[White "Patjanka"]
[Black "bernadjm"]
[Result "1/2-1/2"]
[WhiteCountry "DEN"]
[BlackCountry "ESP"]
[WhiteElo "2383"]
[WhiteRD "92"]
[BlackElo "2414"]
[BlackRD "115"]
[GameID "246764"]

1. c4 f5 2. g3 Nf6 3. Bg2 e5 4. Nc3 Nc6 5. e3 d5 6. cxd5 Nb4 7. d3 Nfxd5 8. Nxd5 Nxd5 9. Nf3 Bd6 10. Qb3 Nb6
11. O-O Qe7 12. e4 fxe4 13. dxe4 Be6 14. Qc3 Na4 15. Qa5 Bd7 16. Qd5 Nb6 17. Qd3 O-O 18. Be3 Bc6 19. Rfc1 Qf6 20. Nh4 Rf7
21. Qd2 Bf8 22. Qc3 Re8=
1/2-1/2

[Event "2009 Standard Chess Dropout Tournament, Round 5"]
[Site "SchemingMind.com"]
[Date "2010.05.03"]
[Round "5"]
[White "pjl1015"]
[Black "Ilang"]
[Result "1-0"]
[WhiteCountry "USA"]
[BlackCountry "HUN"]
[WhiteElo "2464"]
[WhiteRD "111"]
[BlackElo "2371"]
[BlackRD "93"]
[GameID "246766"]

1. d4 d5 2. c4 c6 3. Nc3 Nf6 4. Nf3 e6 5. Bg5 Be7 6. e3 O-O 7. Bd3 h6 8. Bh4 dxc4 9. Bxc4 b5 10. Bd3 Nbd7
11. Qc2 Bb7 12. O-O a6 13. Rfd1 Rc8 14. Ne5 c5 15. dxc5 Rxc5 16. Bxf6 Nxf6 17. Bh7+ Nxh7 18. Rxd8 Rxd8 19. Nxf7 Kxf7 20. Qxh7 Rd2
21. Ne4 Bxe4 22. Qxe4 Rxb2 23. h4 Rd2 24. a3 Rf5 25. f4 Rfd5 26. Rc1 Rd1+ 27. Rxd1 Rxd1+ 28. Kh2 Rd5 29. Qf3 Rd3 30. g4 Rxa3
31. g5 hxg5 32. Qh5+ Kf8 33. hxg5
1-0

[Event "2009 Standard Chess Dropout Tournament, Round 5"]
[Site "SchemingMind.com"]
[Date "2010.05.03"]
[Round "5"]
[White "saxon"]
[Black "MARISCAL"]
[Result "1/2-1/2"]
[WhiteCountry "GER"]
[BlackCountry "ESP"]
[WhiteElo "2439"]
[WhiteRD "102"]
[BlackElo "2297"]
[BlackRD "93"]
[GameID "246767"]

1. e4 e6 2. d4 d5 3. Nc3 Nf6 4. e5 Nfd7 5. f4 c5 6. Nf3 Nc6 7. Be3 a6 8. Qd2 b5 9. a3 Bb7 10. Ne2 Rc8
11. Ng3 cxd4 12. Nxd4 Bc5 13. Nxc6 Rxc6 14. Bd3 Qb6 15. Bf2 Bxf2+ 16. Qxf2 Qxf2+ 17. Kxf2 g5 18. Rhe1 gxf4 19. Nh5 Rg8 20. Nxf4 Rg5
21. h4 Rxe5 22. Bxh7 Rxe1 23. Rxe1 Nf6 24. Bd3 Ke7 25. c3 Kd6 26. Nh3 Ng4+ 27. Kf3 Ne5+ 28. Ke3 Rc8 29. Be2 Rg8 30. Rg1=
1/2-1/2

[Event "2009 Standard Chess Dropout Tournament, Round 5"]
[Site "SchemingMind.com"]
[Date "2010.05.03"]
[Round "5"]
[White "thebirdolux"]
[Black "pjl1015"]
[Result "1-0"]
[WhiteCountry "USA"]
[BlackCountry "USA"]
[WhiteElo "2449"]
[WhiteRD "79"]
[BlackElo "2431"]
[BlackRD "115"]
[GameID "246768"]

1. e4 e5 2. Nf3 Nf6 3. Nxe5 d6 4. Nxf7 Kxf7 5. d4 Be7 6. Nc3 c6 7. Bc4+ Be6 8. Bxe6+ Kxe6 9. f4 Kd7 10. O-O Kc8
11. e5 Nfd7 12. Qg4 Qg8 13. b3 h5 14. Qh3 dxe5 15. dxe5 Qe8 16. Bb2 Na6 17. Ne4 Nc5 18. Nd6+ Bxd6 19. exd6 Qf8 20. Rad1 Ne4
21. Qd3 Nef6 22. Rfe1 Qd8 23. Re7 Qb6+ 24. Bd4 c5 25. Bf2 a5 26. Qh3 Qc6 27. Rxg7 Kb8 28. Bh4 Rf8 29. Qc3 Qb6 30. Qe3 Ka7
31. c4 Rad8 32. Qc3 Rde8 33. Re7 Rc8 34. f5 Qb4 35. Qb2 Qb6 36. Re6 Ne8 37. Rf1 Rc6 38. Be7 Rg8 39. Rg6 Rxg6 40. fxg6 Rxd6
41. Bxd6 Qxd6 42. Qc3 Qxg6 43. Qxa5+ Qa6 44. Qxa6+ Kxa6 45. Kf2 b5 46. cxb5+ Kxb5 47. Ke3 Kb4 48. Rf4+ Ka3 49. Ra4+ Kb2 50. Kf4 Nb6
51. Ra5 Nd5+ 52. Kg5 Ng7 53. h4 Ne3 54. g3 Nf1 55. Kg6 Ne6 56. Kxh5 Nxg3+ 57. Kg4 Nf1 58. h5 Ne3+ 59. Kf3 Nf5 60. Ra6
1-0

[Event "2009 Standard Chess Dropout Tournament, Round 5"]
[Site "SchemingMind.com"]
[Date "2010.05.03"]
[Round "5"]
[White "wilfried"]
[Black "Patjanka"]
[Result "1/2-1/2"]
[WhiteCountry "GER"]
[BlackCountry "DEN"]
[WhiteElo "2420"]
[WhiteRD "115"]
[BlackElo "2416"]
[BlackRD "90"]
[GameID "246769"]

1. d4 f5 2. g3 Nf6 3. Bg2 g6 4. c4 Bg7 5. Nc3 O-O 6. Nf3 d6 7. O-O Qe8 8. Qb3 Kh8 9. Rd1 h6 10. a4 Na6
11. Be3 Qf7 12. a5 c6 13. Na4 Ng4 14. Bd2 Rb8 15. h3 Nf6 16. Be3 Be6 17. Rac1 g5 18. Qd3 Ne4 19. d5 cxd5 20. cxd5 Bd7
21. Qa3 Bxa4 22. Qxa4 Bxb2 23. Rc4 Nac5 24. Qc2 Bg7 25. g4=
1/2-1/2

[Event "2009 Standard Chess Dropout Tournament, Round 6"]
[Site "SchemingMind.com"]
[Date "2010.10.24"]
[Round "6"]
[White "baron1"]
[Black "saxon"]
[Result "1/2-1/2"]
[WhiteCountry "ENG"]
[BlackCountry "GER"]
[WhiteElo "2430"]
[WhiteRD "89"]
[BlackElo "2448"]
[BlackRD "109"]
[GameID "264228"]

1. e4 e5 2. Nf3 Nc6 3. Bb5 a6 4. Ba4 Nf6 5. O-O Be7 6. Bxc6 dxc6 7. d3 Nd7 8. Nbd2 O-O 9. Nc4 f6 10. Nh4 g6
11. Bh6 Rf7 12. Nf3 Nc5 13. Be3 Be6 14. Ncd2 b5 15. Qb1 Qd7 16. Rd1 Rd8 17. b3 Qe8 18. h3 Bc8 19. a4 Ne6 20. Qb2 Bb7
21. b4 Bf8 22. Qc3 Rfd7 23. Nb3 c5 24. Nxc5 Nxc5 25. Bxc5 Bxe4 26. Nd2 Bd5 27. Bxf8 Qxf8 28. axb5 axb5 29. Re1 Qd6 30. Ra5 c6=
31. Re3 Kg7 32. Ne4 Bxe4 33. Rxe4 Rc7 34. Ra6 Rdd7 35. Rb6 Qd5 36. Kh1 Re7 37. Kh2 Red7=
1/2-1/2

[Event "2009 Standard Chess Dropout Tournament, Round 6"]
[Site "SchemingMind.com"]
[Date "2010.10.24"]
[Round "6"]
[White "C. H. O'D. Schlechter"]
[Black "baron1"]
[Result "1-0"]
[WhiteCountry "USA"]
[BlackCountry "ENG"]
[WhiteElo "2422"]
[WhiteRD "87"]
[BlackElo "2423"]
[BlackRD "89"]
[GameID "264230"]

1. d4 Nf6 2. Nf3 e6 3. Bf4 b6 4. e3 Bb7 5. Nbd2 Be7 6. h3 O-O 7. Bd3 c5 8. O-O Nc6 9. c3 d5 10. Qe2 Bd6
11. Rac1 Bxf4 12. exf4 Rc8 13. Qe3 Ba6 14. Bxa6
1-0

[Event "2009 Standard Chess Dropout Tournament, Round 6"]
[Site "SchemingMind.com"]
[Date "2010.10.19"]
[Round "6"]
[White "chesshub"]
[Black "Tyler"]
[Result "1/2-1/2"]
[WhiteCountry "FRA"]
[BlackCountry "SUI"]
[WhiteElo "2407"]
[WhiteRD "77"]
[BlackElo "2419"]
[BlackRD "116"]
[GameID "264231"]

1. e4 e5 2. Nf3 Nc6 3. Bb5 a6 4. Ba4 Nf6 5. O-O d6 6. Re1 b5 7. Bb3 Be7 8. c3 h6 9. d4 O-O 10. h3 Re8
11. Nbd2 Bf8 12. Nf1 Bd7 13. Ng3 Na5 14. Bc2 c5 15. d5 Nb7 16. b3 c4 17. Be3 cxb3 18. axb3 Qc7 19. Bd2 Nc5 20. Nh4 g6
21. Qc1 Kh7 22. Qb1 a5 23. Rc1 Qb7 24. b4 axb4 25. Rxa8 Rxa8 26. cxb4 Na4 27. Nf3 Qa6 28. Bd3 Be7 29. Be3 Bd8 30. Qa2 Nb6
31. Qd2 Ng8 32. Qe1 Nc4 33. Bxc4 bxc4 34. Nd2 Bb5 35. Ne2 Bd7 36. Nc3 f5 37. b5 Bxb5 38. Nxb5 Qxb5 39. Nxc4 Ra6 40. exf5 gxf5
41. Qf1 e4 42. Bf4 Nf6 43. Rb1 Qxd5 44. Ne3 Qd3 45. Nxf5 Nd5 46. Bd2 Qxf1+ 47. Kxf1 Bg5 48. Bxg5 hxg5 49. Rd1 Nc3 50. Rc1 Nd5
51. g3 Kg6 52. Rd1 Kxf5 53. Rxd5+ Kf6 54. g4 Ra1+ 55. Kg2 Ra6 56. Rf5+=
1/2-1/2

[Event "2009 Standard Chess Dropout Tournament, Round 6"]
[Site "SchemingMind.com"]
[Date "2010.10.24"]
[Round "6"]
[White "joralx3"]
[Black "C. H. O'D. Schlechter"]
[Result "1/2-1/2"]
[WhiteCountry "ARG"]
[BlackCountry "USA"]
[WhiteElo "2564"]
[WhiteRD "110"]
[BlackElo "2417"]
[BlackRD "86"]
[GameID "264232"]

1. e4 e6 2. d4 d5 3. Nc3 Nf6 4. Bg5 Bb4 5. e5 h6 6. exf6 hxg5 7. fxg7 Rg8 8. h4 Nc6 9. Qd3 Rxg7 10. hxg5 Qxg5
11. Nf3 Qf6 12. Rh8+ Bf8 13. Nb5 Qe7 14. Qa3 Qxa3 15. Nxc7+ Ke7 16. bxa3 Rb8 17. c4 dxc4 18. d5 exd5 19. Nxd5+ Kd6 20. Bxc4 Bg4
21. O-O-O Kc5 22. Ne3 Kb6 23. Kc2 Rc8 24. Rh4 Bxf3 25. gxf3 a6 26. Kb2 Bc5 27. Rf4 Rh8 28. Bd5 Kc7 29. Kb3 Rd8 30. a4 f6
31. Rxf6 Rgd7 32. Bxc6 Rxd1 33. Nxd1 Rxd1 34. Be4 Bxf2 35. Rf7+ Rd7 36. Rxd7+ Kxd7 37. Bxb7 a5= 38. Be4 Kd6 39. Kc4 Ke5 40. Bd5 Kf4=
1/2-1/2

[Event "2009 Standard Chess Dropout Tournament, Round 6"]
[Site "SchemingMind.com"]
[Date "2010.10.24"]
[Round "6"]
[White "MARISCAL"]
[Black "joralx3"]
[Result "0-1"]
[WhiteCountry "ESP"]
[BlackCountry "ARG"]
[WhiteElo "2297"]
[WhiteRD "85"]
[BlackElo "2564"]
[BlackRD "110"]
[GameID "264233"]

1. e4 c5 2. c3 Nf6 3. e5 Nd5 4. d4 cxd4 5. Nf3 Nc6 6. Bc4 Nb6 7. Bb3 d5 8. exd6 Qxd6 9. Na3 dxc3 10. Qxd6 exd6
11. Nb5 Rb8 12. bxc3 a6 13. Be3 axb5 14. Bxb6 Ra8 15. O-O Be7 16. Rfe1 O-O 17. Bc7 Bf6 18. Rac1 Ne5 19. Nxe5 Bxe5 20. g3 g5
21. Rcd1 Ra6 22. Rd5 h6 23. Red1 Bxc3 24. Bxd6 Re8 25. Rxb5 Bg4 26. Rc1 Bb2 27. Rc2 Re1+ 28. Kg2 Rxd6 29. Rxb2 Be2 30. Rxb7 Bf1+
31. Kf3 Rf6+ 32. Kg4 Be2+ 33. Rxe2 Rxe2 34. f4 Rxh2 35. Rb5 Kg7 36. Kf3 gxf4 37. gxf4 Rh1 38. Kg2 Rc1 39. f5 h5 40. Rd5 Rfc6
41. Rd7 Rc7 42. Rd6 R1c3 43. Rd1 Kh6 44. Rd6+ Kg5 45. Rd5 f6 46. Kh2 h4 47. Rd4 Rf3
0-1

[Event "2009 Standard Chess Dropout Tournament, Round 6"]
[Site "SchemingMind.com"]
[Date "2010.10.24"]
[Round "6"]
[White "saxon"]
[Black "chesshub"]
[Result "1-0"]
[WhiteCountry "GER"]
[BlackCountry "FRA"]
[WhiteElo "2477"]
[WhiteRD "109"]
[BlackElo "2407"]
[BlackRD "77"]
[GameID "264234"]

1. d4 Nf6 2. c4 e6 3. Nc3 Bb4 4. e3 O-O 5. Bd3 d5 6. Nf3 c5 7. O-O Nc6 8. a3 Bxc3 9. bxc3 Qc7 10. h3 dxc4
11. Bxc4 e5 12. Ba2 e4 13. Nd2 Bf5 14. Bb2 Rad8 15. Qe2 Rfe8 16. Rac1 b6 17. Rfd1 Bg6 18. Bc4 Rd6 19. Nf1 h5 20. Bb5 Red8
21. dxc5 bxc5 22. c4 Rd3 23. Bxf6 gxf6 24. Rxd3 exd3 25. Qf3 Rd6 26. Bxc6 Rxc6 27. e4 Rd6 28. Qg3 Qb8 29. Nd2 Rd8 30. Qxb8 Rxb8
31. g4 Rb2 32. Rd1 a5 33. f3 Ra2 34. Kf2 h4 35. Ke3 Rxa3 36. Rb1 Kf8 37. Rb8+ Kg7 38. Rc8 a4 39. Rxc5 Kf8 40. Rc7 Rc3
41. Ra7 Ra3 42. Kd4
1-0

[Event "2009 Standard Chess Dropout Tournament, Round 6"]
[Site "SchemingMind.com"]
[Date "2010.10.20"]
[Round "6"]
[White "Tyler"]
[Black "MARISCAL"]
[Result "1-0"]
[WhiteCountry "SUI"]
[BlackCountry "ESP"]
[WhiteElo "2411"]
[WhiteRD "120"]
[BlackElo "2297"]
[BlackRD "85"]
[GameID "264235"]

1. Nf3 d5 2. d4 c6 3. c4 e6 4. Nbd2 f5 5. g3 Nf6 6. Bg2 Bd6 7. O-O O-O 8. Ne5 Nbd7 9. Ndf3 Ne4 10. b3 Nxe5
11. Nxe5 Qc7 12. Nd3 b6 13. Qc2 Ba6 14. f3 Nf6 15. c5 bxc5 16. Nxc5 Bxc5 17. Qxc5 e5 18. dxe5 Qxe5 19. Bf4 Qxe2 20. Bh3 Rae8
21. Qxa7 Nh5 22. Bd6 Qe6 23. Bxf8 Bxf1 24. Bxf1 Rxf8 25. a4 Qd6 26. Qf2 f4 27. g4 Nf6 28. a5 Nd7 29. a6 Ra8 30. Qd2 Nc5
31. Qb4 Rb8 32. Qc3 Rxb3 33. Qe1 Nxa6 34. Rxa6 Qc5+ 35. Qf2 Rc3 36. Qxc5 Rxc5 37. Be2 g5 38. Ra8+ Kf7 39. Ra7+ Kg8 40. Rc7 Rc1+
41. Kf2 c5 42. Bd3 h6 43. Bg6 Kf8 44. Rf7+ Kg8 45. Rd7 d4 46. Ke2 Rh1 47. Kd3 Rxh2 48. Ke4
1-0